Measuring the mathematical attitudes of elementary students : The effects of a 4-point or 5-point likert-type scale /

সংরক্ষণ করুন:
গ্রন্থ-পঞ্জীর বিবরন
প্রধান লেখক: Adelson, Jill L.
অন্যান্য লেখক: McCoach, D. Betsy.
বিন্যাস: প্রবন্ধ
ভাষা:English
বিষয়গুলি:
ট্যাগগুলো: ট্যাগ যুক্ত করুন
কোনো ট্যাগ নেই, প্রথমজন হিসাবে ট্যাগ করুন!
Thư viện lưu trữ: Thư viện Trường Đại học Đà Lạt
LEADER 00974nam a2200301 4500
001 DLU110130332
005 ##20111223
040 # # |a DLU  |b eng 
041 # # |a eng 
044 # # |a us 
100 # # |a Adelson, Jill L. 
245 # # |a Measuring the mathematical attitudes of elementary students : The effects of a 4-point or 5-point likert-type scale /  |c Jill L. Adelson, D. Betsy McCoach. 
653 # # |a Attitudes instrument 
653 # # |a Elementary students 
653 # # |a Likert-type scale 
653 # # |a Mathematics attitudes 
653 # # |a Survey design 
700 # # |a McCoach, D. Betsy.  
773 # # |t Educational and Psychological Measurement  |g Vol. 70, no. 5 (October 2010), p. 796-807 
920 # # |a Phòng Tạp chí -- Trung tâm Thông tin - Thư viện Trường Đại học Đà Lạt 
994 # # |a DLU 
900 # # |a True 
911 # # |a Trương Bảo Trâm Anh 
925 # # |a G 
926 # # |a A 
927 # # |a BB 
980 # # |a Thư viện Trường Đại học Đà Lạt